Microbiología en ciencias de la salud : (Registro nro. 6393)

Detalles MARC
000 -LEADER
campo de control de longitud fija 02952cam a22006494i 4500
003 - IDENTIFICADOR DE NÚMERO DE CONTROL
campo de control PE-LiUPU
005 - FECHA Y HORA DE LA ÚLTIMA TRANSACCIÓN
campo de control 20250731180051.0
008 - DATOS DE LONGITUD FIJA--INFORMACIÓN GENERAL
campo de control de longitud fija 110901s2011 sp ad r 001 0 spa
020 ## - NÚMERO INTERNACIONAL ESTÁNDAR DEL LIBRO
Número Internacional Estándar del Libro 9788480866927
035 ## - NÚMERO DE CONTROL DEL SISTEMA
Número de control de sistema (Sirsi) i9788480866927
040 ## - FUENTE DE CATALOGACIÓN
Centro catalogador/agencia de origen PE-LiUPU
Lengua de catalogación spa
Centro/agencia transcriptor PE-LiUPU
Normas de descripción rda
049 ## - FONDOS LOCALES (OCLC)
Biblioteca depositaria PRUA
082 04 - NÚMERO DE LA CLASIFICACIÓN DECIMAL DEWEY
Número de clasificación 579
Cutter R84
082 04 - NÚMERO DE LA CLASIFICACIÓN DECIMAL DEWEY
Número de clasificación 579.61
Cutter R84 2011
100 1# - ENTRADA PRINCIPAL--NOMBRE DE PERSONA
Nombre de persona Rosa Fraile, M. de la,
Término indicativo de función/relación autor.
245 10 - MENCIÓN DEL TÍTULO
Título Microbiología en ciencias de la salud :
Resto del título conceptos y aplicaciones /
Mención de responsabilidad, etc. Manuel de la Rosa Fraile, José Prieto Prieto, José María Navarro Marí.
250 ## - MENCION DE EDICION
Mención de edición Tercera edición.
264 #1 - PRODUCCIÓN, PUBLICACIÓN, DISTRIBUCIÓN, FABRICACIÓN Y COPYRIGHT
Producción, publicación, distribución, fabricación y copyright Barcelona :
Nombre del de productor, editor, distribuidor, fabricante Elsevier,
Fecha de producción, publicación, distribución, fabricación o copyright 2011.
300 ## - DESCRIPCIÓN FÍSICA
Extensión xxx, 351 páginas :
Otras características físicas ilustraciones ;
Dimensiones 24 centímetros
336 ## - TIPO DE CONTENIDO
Término de tipo de contenido text
Fuente rdacontent
337 ## - TIPO DE MEDIO
Nombre/término del tipo de medio unmediated
Fuente rdamedia
338 ## - TIPO DE SOPORTE
Nombre/término del tipo de soporte volume
Fuente rdacarrier
504 ## - NOTA DE BIBLIOGRAFÍA, ETC.
Nota de bibliografía, etc. Incluye índice alfabético.
505 0# - NOTA DE CONTENIDO CON FORMATO
Nota de contenido con formato Conceptos básicos -- La célula bacteriana -- Genética bacteriana -- Determinantes de la infección -- El sistema inmune y los agentes infecciosos -- Quimioterapia -- Control de los microorganismos Esterilización y desinfección.
526 ## - NOTA DE INFORMACIÓN SOBRE EL PROGRAMA DE ESTUDIO
Nombre del programa Segunda Especialidad En Estadística Aplicada Para Investigación (A Distancia)
526 ## - NOTA DE INFORMACIÓN SOBRE EL PROGRAMA DE ESTUDIO
Nombre del programa Segunda Especialidad En Estadística Aplicada Para Investigación
526 ## - NOTA DE INFORMACIÓN SOBRE EL PROGRAMA DE ESTUDIO
Nombre del programa Odontología
526 ## - NOTA DE INFORMACIÓN SOBRE EL PROGRAMA DE ESTUDIO
Nombre del programa Tecnología Médica En Terapia Física Y Rehabilitación (A Distancia)
526 ## - NOTA DE INFORMACIÓN SOBRE EL PROGRAMA DE ESTUDIO
Nombre del programa Tecnología Médica En Terapia Física Y Rehabilitación (Semipresencial)
526 ## - NOTA DE INFORMACIÓN SOBRE EL PROGRAMA DE ESTUDIO
Nombre del programa Tecnología Médica En Laboratorio Clínico Y Anatomía Patológica
526 ## - NOTA DE INFORMACIÓN SOBRE EL PROGRAMA DE ESTUDIO
Nombre del programa Ingeniería De Ciencia De Datos E Inteligencia Artificial
526 ## - NOTA DE INFORMACIÓN SOBRE EL PROGRAMA DE ESTUDIO
Nombre del programa Ingeniería Ambiental (Semipresencial)
526 ## - NOTA DE INFORMACIÓN SOBRE EL PROGRAMA DE ESTUDIO
Nombre del programa Nutrición humana
526 ## - NOTA DE INFORMACIÓN SOBRE EL PROGRAMA DE ESTUDIO
Nombre del programa Medicina humana
526 ## - NOTA DE INFORMACIÓN SOBRE EL PROGRAMA DE ESTUDIO
Nombre del programa Ingeniería de industrias alimentarias
526 ## - NOTA DE INFORMACIÓN SOBRE EL PROGRAMA DE ESTUDIO
Nombre del programa Ingeniería civil
526 ## - NOTA DE INFORMACIÓN SOBRE EL PROGRAMA DE ESTUDIO
Nombre del programa Ingeniería ambiental
526 ## - NOTA DE INFORMACIÓN SOBRE EL PROGRAMA DE ESTUDIO
Nombre del programa Enfermería
526 ## - NOTA DE INFORMACIÓN SOBRE EL PROGRAMA DE ESTUDIO
Nombre del programa Educación secundaria, especialidad matemática e informática
526 ## - NOTA DE INFORMACIÓN SOBRE EL PROGRAMA DE ESTUDIO
Nombre del programa Educación secundaria, especialidad ambiental, biología y química
596 ## -
-- 1 3
650 #7 - PUNTO DE ACCESO ADICIONAL DE MATERIA--TÉRMINO DE MATERIA
Término de materia o nombre geográfico como elemento de entrada Microbiología médica.
Fuente del encabezamiento o término embne
9 (RLIN) 734
700 1# - ENTRADA AGREGADA--NOMBRE PERSONAL
Nombre de persona Navarro Marí, José María,
Término indicativo de función/relación autor.
700 1# - ENTRADA AGREGADA--NOMBRE PERSONAL
Nombre de persona Prieto Prieto, J.,
Término indicativo de función/relación autor.
910 ## - DATOS DE OPCIÓN DEL USUARIO (OCLC)
Datos de opción del usuario jck
-- ng
910 ## - DATOS DE OPCIÓN DEL USUARIO (OCLC)
-- tqv
-- welc
-- 20161102
942 ## - ELEMENTOS DE ENTRADA SECUNDARIOS (KOHA)
Fuente del sistema de clasificación o colocación Clasificación Decimal Dewey
Tipo de ítem Koha
949 ## - PROCESAMIENTO DE INFORMACIÓN LOCAL (OCLC)
a 579 R84
w DEWEY
c 1
i 70502
d 2016-9-20
e 2016-9-19
l CCODEBUL1
m BUL
n 4
p 70.00
r 0
s Y
t BOOK
u 2015-7-6
x SALUD
-- P30
0 COMPRA
o .STAFF. Colección General
949 ## - PROCESAMIENTO DE INFORMACIÓN LOCAL (OCLC)
a 579 R84
w DEWEY
c 2
i 70503
d 2016-11-29
e 2016-11-27
l CCODEBUL1
m BUL
n 8
p 70.00
r 0
s Y
t BOOK
u 2015-7-6
x SALUD
-- P30
0 COMPRA
o .STAFF. Colección General
949 ## - PROCESAMIENTO DE INFORMACIÓN LOCAL (OCLC)
a 579.61 R84 2011
w DEWEY
c 1
i FJ03705
l CCODEBUJ1
m BUJ
p 70.00
r 0
s Y
t BOOK
u 2015-9-17
x SALUD
-- P22
0 COMPRA
o .STAFF. Colección General Juliaca
994 ## -
-- C0
-- PEPRU
999 ## - NÚMEROS DE CONTROL DE SISTEMA (KOHA)
-- DEWEY
-- 70502
-- 2019-9-22
-- 2021-11-5
-- 5
-- CCODEBUL1
-- BUL
-- 17
-- 70.00
-- 14
-- 0
-- Y
-- BOOK
-- 2015-7-6
-- BIBLIOTECA
-- P30
-- COMPRA
-- .STAFF. Colección Ciencias de la Salud
999 ## - NÚMEROS DE CONTROL DE SISTEMA (KOHA)
-- DEWEY
-- 70503
-- 2019-9-30
-- 2021-11-5
-- 5
-- CCODEBUL1
-- BUL
-- 16
-- 70.00
-- 9
-- 0
-- Y
-- BOOK
-- 2015-7-6
-- BIBLIOTECA
-- P30
-- COMPRA
-- .STAFF. Colección Ciencias de la Salud
999 ## - NÚMEROS DE CONTROL DE SISTEMA (KOHA)
-- DEWEY
-- FJ03705
-- 2022-4-28
-- 2022-1-25
-- 4
-- CCODEBUJ1
-- BUJ
-- 8
-- 70.00
-- 4
-- 0
-- Y
-- BOOK
-- 2015-9-17
-- SALUD
-- P22
-- COMPRA
-- .STAFF. Colección General Juliaca
980 ## - EQUIVALENCIA O REFERENCIA-CRUZADA-MENCIÓN DE SERIE--NOMBRE DE PERSONA/TÍTULO [LOCAL, CANADÁ]
ID del último usuario que modificó el registro 1
Nombre del último usuario que modificó el registro ALBERTO SANCHEZ Responsable de Automatización
Existencias
Visto por última vez Número de inventario Total de préstamos Signatura topográfica completa Código de barras Fecha del último préstamo Copia número Coste, precio de reemplazo Fecha de reemplazo Facultad Tipo de ítem Koha Nota pública Estado de pérdida Fuente del sistema de clasificación o colocación Restricciones de uso No para préstamo Colección Programa académico Biblioteca de origen Biblioteca actual Ubicación en estantería Fecha de adquisición Fuente de adquisición Coste, precio normal de compra
2025-12-03 6 21 579 R84 70502 2025-10-12 e1 75.00 2015-07-06 FSALUD Libros físicos inventario-2023-12-13 No Perdido Clasificación Decimal Dewey No restringido Disponible para préstamos Colección General Medicina humana Biblioteca CRAI UPeU Lima Biblioteca CRAI UPeU Lima Sala principal 2015-07-06 COMPRA 70.00
2025-12-03 6 20 579 R84 70503 2025-10-07 e2 75.00 2015-07-06 FSALUD Libros físicos inventario-2023-12-13 No Perdido Clasificación Decimal Dewey No restringido Disponible para préstamos Colección General Medicina humana Biblioteca CRAI UPeU Lima Biblioteca CRAI UPeU Lima Sala principal 2015-07-06 COMPRA 70.00